00848nam a2200253I 450000100060000000300080000600500170001400800410003103500230007203500190009504000370011404100080015108200200015910000400017924500690021925000120028826000310030030000290033150400410036065000290040194200120043099900170044295201350045929869BD-RjUL20211209051456.0140407s1965 nyua b 000 0 eng  a(OCoLC)ocm00260554 a(BD-RjUL)29954 aDLCcWSUdSERdWYUdBD-RjULbeng aeng04a136.7bSTH 19651 aStrang, Ruth May,d1895-1971.9270510aHelping your child develop his potentialities /cby Ruth Strang. a1st ed. aNew York :bDutton,c1965. a256 p. :bill. ;c22 cm. a"References": p. 240-250. and index. 0aProblem children.925485 2ddccBK c29869d29869 00102ddc40728NFICaRUCLbRUCLcReadingd1974-03-14eCanada, Gift.l0o136.7 STH 1965r2014-04-07 00:00:00tC-1w2014-04-07yBK